点滴在心头 (Record no. 33788)

000 -LEADER
fixed length control field 00503nam a22001937a 4500
003 - CONTROL NUMBER IDENTIFIER
control field MPLRDC
005 - DATE AND TIME OF LATEST TRANSACTION
control field 20220104142809.0
008 - FIXED-LENGTH DATA ELEMENTS--GENERAL INFORMATION
fixed length control field 210129b ||||| |||| 00| 0 eng d
020 ## - INTERNATIONAL STANDARD BOOK NUMBER
International Standard Book Number 957-621-273-1
082 ## - DEWEY DECIMAL CLASSIFICATION NUMBER
Classification number 782.886 ZXJ
100 ## - MAIN ENTRY--PERSONAL NAME
Personal name 朱秀娟 访谈
245 ## - TITLE STATEMENT
Title 点滴在心头
Statement of responsibility, etc. 陈秋美 编辑
250 ## - EDITION STATEMENT
Edition statement 第一版
260 ## - PUBLICATION, DISTRIBUTION, ETC.
Place of publication, distribution, etc.
Name of publisher, distributor, etc. 天下文化出版股份有限公司
Date of publication, distribution, etc. 1995
300 ## - PHYSICAL DESCRIPTION
Other physical details
490 ## - SERIES STATEMENT
Series statement 社会人文. 63
650 ## - SUBJECT ADDED ENTRY--TOPICAL TERM
Topical term or geographic name entry element 蒋中正传记
942 ## - ADDED ENTRY ELEMENTS (KOHA)
Koha item type Book
-- 782.886 ZXJ
Holdings
Withdrawn status Lost status Source of classification or shelving scheme Damaged status Not for loan Collection code Home library Current library Shelving location Date acquired Cost, normal purchase price Total Checkouts Full call number Barcode Date last seen Date last checked out Price effective from Koha item type Public note
            Malaysian Public Library, Research and Development Centre Malaysian Public Library, Research and Development Centre   10/12/2007 45.70   782.886 ZXJ 00033887 18/03/2021 10/12/2007 18/03/2021 Book mplrdc

© 2022. Malaysian Public Library, Research and Development Centre. All Right ReservedE-mailmplrdc@help.edu.my 

Powered by Koha